Aciéries du Rhin à Ruhrort (Allemagne) [ (Record no. 21598)
[ view plain ]
| 000 -LEADER | |
|---|---|
| campo de control de longitud fija | 00585nkm a2200169 i 4500 |
| 001 - NÚMERO DE CONTROL | |
| campo de control | 21598 |
| 003 - IDENTIFICADOR DE NÚMERO DE CONTROL | |
| campo de control | ES-MaACL |
| 005 - FECHA Y HORA DE LA ÚLTIMA TRANSACCIÓN | |
| campo de control | 20230906152518.0 |
| 007 - CAMPO FIJO DE DESCRIPCIÓN FÍSICA--INFORMACIÓN GENERAL | |
| campo de control de longitud fija | k |
| 008 - DATOS DE LONGITUD FIJA--INFORMACIÓN GENERAL | |
| campo de control de longitud fija | 021126q1900 fr --- |00 ||fre d |
| 245 00 - MENCIÓN DEL TÍTULO | |
| Título | Aciéries du Rhin à Ruhrort (Allemagne) [ |
| Medio | Material gráfico]. |
| 260 ## - PUBLICACIÓN, DISTRIBUCIÓN, ETC. | |
| Lugar de publicación, distribución, etc. | [S.l. : |
| Nombre del editor, distribuidor, etc. | s.n., |
| Fecha de publicación, distribución, etc. | ca. 1900] |
| 300 ## - DESCRIPCIÓN FÍSICA | |
| Extensión | 1 carpeta (10 fotos bl. y n., algunas con texto) ; |
| Dimensiones | 56 cm. |
| 546 ## - NOTA DE IDIOMA | |
| Nota de lengua/lenguaje | Textos en alemán, inglés y francés. |
| 650 #4 - PUNTO DE ACCESO ADICIONAL DE MATERIA--TÉRMINO DE MATERIA | |
| Término de materia o nombre geográfico como elemento de entrada | Industria siderúrgica- |
| Subdivisión geográfica | Alemania. |
| 9 (RLIN) | 151548 |
| 852 ## - LOCALIZACIÓN | |
| Ubicación | ES-MaACL |
| Número de control de estantería | B-6734 |
| Nota libre | - Enc. en carpeta de tela azul, hierros secos |
| Estatus retirado | Estado de pérdida | Estado de daño | No para préstamo | Biblioteca de origen | Biblioteca actual | Ubicación en estantería | Fecha de adquisición | Fuente de adquisición | Total de préstamos | Signatura topográfica completa | Código de barras | Visto por última vez | Precio de reemplazo | Tipo de ítem Koha |
|---|---|---|---|---|---|---|---|---|---|---|---|---|---|---|
| Biblioteca del Ateneo de Madrid | Biblioteca del Ateneo de Madrid | Sala Pardo Bazán | 17/01/2008 | B-6734 | 1022198 | 23/02/2023 | 23/02/2023 | Fotografía |
